INDEPENDENCIA Y NACIONALISMO A LA LUZ DEL DISCURSO CONMEMORATIVO (1825-1867) (Registro nro. 57796)
[ vista simple ]
| 000 -LEADER | |
|---|---|
| fixed length control field | 01142nam a2200193 a 4500 |
| 001 - CONTROL NUMBER | |
| control field | 57796 |
| 005 - DATE AND TIME OF LATEST TRANSACTION | |
| control field | 20180714054130.0 |
| 008 - FIXED-LENGTH DATA ELEMENTS--GENERAL INFORMATION | |
| fixed length control field | 140415s1991 mx 000 0 spa d |
| 020 ## - INTERNATIONAL STANDARD BOOK NUMBER | |
| International Standard Book Number | 9682928540 |
| 041 ## - LANGUAGE CODE | |
| Language code of text/sound track or separate title | spa |
| 082 ## - DEWEY DECIMAL CLASSIFICATION NUMBER | |
| Classification number | 972.04 |
| Item number | PLA |
| 100 1# - MAIN ENTRY--PERSONAL NAME | |
| Personal name | PLASENCIA DE LA PARRA, ENRIQUE |
| 245 10 - TITLE STATEMENT | |
| Title | INDEPENDENCIA Y NACIONALISMO A LA LUZ DEL DISCURSO CONMEMORATIVO (1825-1867) |
| 250 ## - EDITION STATEMENT | |
| Edition statement | 1a ed. |
| 260 ## - PUBLICATION, DISTRIBUTION, ETC. | |
| Place of publication, distribution, etc. | MEXICO : |
| Name of publisher, distributor, etc. | CONSEJO NACIONAL PARA LA CULTURA Y LAS ARTES, |
| Date of publication, distribution, etc. | 1991 |
| 300 ## - PHYSICAL DESCRIPTION | |
| Extent | 204 |
| Dimensions | 13.5 x 1 x 21 |
| 520 ## - SUMMARY, ETC. | |
| Summary, etc. | ESTE LIBRO RESCATA LOS ORIGENES Y LA TRAYECTORIA DE LA CELEBRACION DE LAS FIESTAS DE NUESTRA INDEPENDENCIA, ASI COO UNO DE SUS ELEMENTOS MAS DESTACADOS; EL DISCURSO CIVICO. EL ANALISIS DE ESTA TRADICION, INICIADA EL 16 DE SEPTIEMBRE DE 1825 Y PRONTO GENERALIZADA EN TODOS LOS RINCONES DEL PAIS, PERMITE DESCUBRIR LA GENESIS DE LA MEMORIA COLECTIVA DE LOS MEXICANOS, SU CONCIENCIA DE PERTENECER A UNA MISMA NACION Y FORMAS QUE A TRAVES DE LA HISTORIA FUERON ADOPTADOS ESOS ELEMENTOS. LA FIGU |
| 650 14 - SUBJECT ADDED ENTRY--TOPICAL TERM | |
| Topical term or geographic name entry element | MEXICO |
| General subdivision | HISTORIA |
| -- | GUERRA DE INDEPENDENCIA |
| -- | NACIONALISMO |
| -- | MEXICO |
| -- | IDENTIDAD CULTURAL |
| -- | MEXICO |
| Withdrawn status | Lost status | Source of classification or shelving scheme | Damaged status | Not for loan | Collection code | Home library | Current library | Shelving location | Date acquired | Source of acquisition | Inventory number | Total Checkouts | Full call number | Barcode | Date last seen | Price effective from | Koha item type |
|---|---|---|---|---|---|---|---|---|---|---|---|---|---|---|---|---|---|
| Dewey Decimal Classification | General | Biblioteca Karol Wojtyla | Biblioteca Karol Wojtyla | Sala general | 03/12/2013 | Compra | 151000000000000000037728 | 972.04 PLA | 87279 | 05/01/2026 | 03/12/2013 | Libro |